000 00305nam a2200121Ia 4500
008 241015s9999 xx 000 0 und d
041 _aeng
082 _a658.872 SIN
100 _aSingh
245 _aSocial Media Marketing For Dummies
260 _bWiley India
_aNew Delhi
_c2020
300 _a430;. P. 23 cm
999 _c41841
_d41841